[Event "EU-Cup 21st"]
[Site "Saint Vincent"]
[Date "2005.09.22"]
[Round "5.1"]
[White "Mamedyarov, Shakhriyar"]
[Black "Khenkin, Igor"]
[Result "1-0"]
[WhiteElo "2646"]
[BlackElo "2610"]
[Annotator "Dautov,R"]
[PlyCount "105"]
[EventDate "2005.09.18"]
[EventType "team-swiss"]
[EventRounds "7"]
[EventCountry "ITA"]
[SourceTitle "CBM 110"]
[Source "ChessBase"]
[SourceDate "2006.01.31"]
[SourceVersion "1"]
[SourceVersionDate "2006.01.31"]
[SourceQuality "1"]
[WhiteTeam "Istanbul"]
[BlackTeam "Tegernsee"]
[WhiteTeamCountry "TUR"]
[BlackTeamCountry "GER"]

1. d4 d5 2. c4 e6 3. Nc3 Be7 4. Nf3 Nf6 5. Bf4 O-O 6. e3 Nbd7 7. a3 c5 8. cxd5
Nxd5 9. Nxd5 exd5 10. dxc5 Nxc5 11. Be5 Bf5 ({Populärer ist} 11... Bf6) 12. Be2
a5 (12... Qb6 13. O-O Be4 14. b4 Nd7 15. Bd4 Qg6 16. Rc1 Bd6 17. g3 Qe6 (17...
h6 $1 $11) 18. Ng5 Qe7 19. Nxe4 dxe4 20. Qc2 a5 21. Rfd1 axb4 22. axb4 Rfd8 23.
b5 Ba3 24. Ra1 Rac8 25. Qa4 Bc5 26. Bb2 $14 {Gustafsson,J (2570)-Zude,A (2382)/
Germany 2003}) 13. O-O a4 14. Rc1 Be4 15. Nd4 $146 (15. Rc3 Bd6 16. Bxd6 Qxd6
17. Nd4 Rfd8 18. f3 Bg6 19. Qd2 h6 20. Rfc1 b6 21. Bf1 Qf6 22. Qf2 Bf5 23. Bb5
Bd7 $11 {Kohlweyer,B (2399)-Kasimdzhanov,R (2664)/Vlissingen 2003}) 15... Bd6
16. Bxd6 Qxd6 17. Qd2 b6 18. Rfd1 Rfd8 19. Rc3 Qf6 20. f3 Bg6 $11 {Schwarz hat
eine typische Verteidigungsaufstellung eingenommen, sein Nc5 ist nicht weniger
stark als der weiße Springer. Es beginnt das Lavieren, beide Gegner suchen die
besten Plätze für ihre Figuren.} 21. Qe1 $1 {Die weiße Dame strebt nach g3,
denn auf d2 hat sie wenig Perspektiven.} Bf5 $1 22. Qg3 Bd7 {Hier steht der
schwarze Läufer am besten: er verhindert Be2-b5 und schützt den Bauern a4.} 23.
Bd3 $1 {Auch Mamedyarov überführt seinen Läufer auf die bessere Position, auf
a2.} Re8 24. Bb1 Re5 $6 {Eine Ungenauigkeit mit weitgehenden Folgen. Das
Gleichgewicht ließ sich halten mit 24...Qh6!} (24... Qh6 $1 25. Qf4 (25. Re1
Rad8 26. Ba2 Bc8 $11) 25... Qxf4 26. exf4 Rad8 27. Ba2 Ne6 $11) 25. Qf4 $1 Qe7
(25... Qxf4 26. exf4 Re7 27. Ba2 $16) 26. Ne2 $2 {Genauer war 26.Ba2! - siehe
die Stellung nach dem 29.Zug von Weiß.} (26. Ba2 $1 Rd8 (26... Re8 27. Nc2 $14)
27. Nc2 Bc6 28. Nb4 Bb7 $14) 26... Re8 27. Ba2 Bf5 $2 {I. Khenkin läßt eine
günstige Möglichkeit aus - es war die richtige Zeit für den Abtausch im
Zentrum. Später geschieht dieser Abtausch in der schlechteren Version für
Schwarz.} (27... Rxe3 28. Rxe3 Qxe3+ 29. Qxe3 Rxe3 30. Nc3 Rd3 $11) (27... g5
28. Qd4 Rxe3 29. Rxe3 Qxe3+ 30. Qxe3 Rxe3 31. Nc3 Be6 $11) 28. Nd4 Bd7 29. Nc2
$1 Bf5 30. Nb4 g5 31. Qd4 Rxe3 32. Rxe3 Qxe3+ 33. Qxe3 Rxe3 34. Nxd5 $1 $14 {
Möglicherweise hat Schwarz diesen Zug unterschätzt - Weiß bekommt ein besseres
Endspiel.} (34. Rxd5 $6 Nd3 $1 35. Nxd3 (35. h4 Re1+ 36. Kh2 Nxb4 37. axb4 Be6
38. Rxg5+ Kf8 39. Bxe6 Rxe6 $11) 35... Bxd3 36. Rxg5+ Kf8 $11) 34... Re6 (34...
Re2 $2 35. Bc4 Re6 36. Nxb6 Rxb6 37. Rd5 Bg6 38. Rxc5 Rxb2 39. Ra5 $16) 35. Nc3
Re5 36. Bc4 Be6 37. Bb5 Bb3 38. Rd2 {Weiß plant Kf2 nebst Rd4 - und es ist
nicht leicht, eine Verteidigung dagegen zu finden.} Kg7 (38... Kf8 39. Kf2 Ke7
40. Rd4 $16) (38... Re1+ $1 39. Kf2 Rc1 40. Kg3 $14) 39. Kf2 h5 40. Rd6 $1 $16
Re6 41. Rd4 h4 $2 ({Genauer war} 41... f5 $1 42. Nxa4 Bxa4 43. Bxa4 Nxa4 44.
Rxa4 Rc6 45. Rb4 {Weiß hat hier nicht 45.Re4 zur Verfügung.} h4 46. h3 f4 47.
Rb5 Kg6 48. a4 Kh5 {mit guten Remischancen.}) 42. Nxa4 Bxa4 43. Bxa4 Nxa4 44.
Rxa4 Rc6 45. Re4 $1 f5 46. Re2 f4 47. Ke1 $18 {/\h3} h3 48. gxh3 Rh6 49. Kf2
Rxh3 50. Kg2 g4 (50... Rh6 51. Re5 Rg6 52. Kh3 $18) 51. Rf2 Rh4 52. fxg4 Rxg4+
53. Kh3 1-0

[Event "Belfort Masters 6th"]
[Site "Belfort"]
[Date "2003.12.20"]
[Round "6"]
[White "Tregubov, Pavel V"]
[Black "Hamdouchi, Hicham"]
[Result "1-0"]
[WhiteElo "2635"]
[BlackElo "2588"]
[Annotator "Dautov,R"]
[PlyCount "80"]
[EventDate "2003.12.15"]
[EventType "tourn"]
[EventRounds "10"]
[EventCountry "FRA"]
[EventCategory "15"]
[SourceTitle "CBM 099"]
[Source "ChessBase"]
[SourceDate "2004.03.30"]
[SourceVersion "1"]
[SourceVersionDate "2004.03.30"]
[SourceQuality "1"]

1. d4 e6 2. c4 d5 3. Nf3 Nf6 4. Nc3 Be7 5. Bf4 O-O 6. e3 c5 7. dxc5 Bxc5 8. a3
Nc6 9. Qc2 Qa5 10. Rd1 Ne4 {Diese Variante hat in der Theorie keinen guten Ruf.
} 11. cxd5 exd5 12. Rxd5 Nxc3 13. bxc3 Qxa3 (13... Ne7 14. Rd1 Bf5 15. Bd3 Bxa3
16. O-O Bxd3 17. Rxd3 $16 {Nepomnishay,M-Marciano,D/St. Petersburg 1996}) 14.
Bc4 $6 $146 {Möglicherweise befürchtete Tregubov die Vorbereitung seines
Gegners, sonst kann man schwer erklären, warum er die starke theoretische
Fortsetzung 14.Ng5! verwarf. Der Textzug ist ebenfalls spielbar wenn auch
schwächer.} (14. Ng5 $1 g6 15. Bc4 Bf5 16. Rxf5 $1 gxf5 17. O-O Ne7 18. Be5 {
, und der weiße Angriff ist sehr gefährlich:} Bd6 (18... Qa5 19. Qe2 Qb6 20.
Be6 $3 $18) 19. Qe2 Bxe5 20. Qh5 Kg7 21. Qxh7+ Kf6 22. f4 $40 {Chekhov,
V-Azmaiparashvili,Z/URS 1981}) 14... Be7 15. O-O Be6 $1 {Zwingt Weiß zu
Qualitätsabgabe.} 16. Rh5 g6 17. Bxe6 gxh5 (17... fxe6 $2 18. Rb5 $14) 18. Ba2
$13 {Die Stellung ist unklar, denn im Vergleich zu 14. Ng5 kann Schwarz den
gegnerischen Angriff in Zaum halten. Dennoch verfügt Weiß über eine
langfristige Initiative.} (18. Bf5 Kg7 19. Rb1 $44) 18... Kg7 19. Bb1 f5 20.
Nd4 Nxd4 21. exd4 Bd6 {Verhindert das unangenehme Schachgebot 22. Be5.} 22. Bc1
$1 Qa6 23. Qd1 Bc7 24. Qxh5 Qg6 25. Qf3 {Schwarz konnte durch die Rückgabe
eines Bauern seinen König etwas absichern und die erste Welle des Angriffs
abschlagen. Weiß ist jedoch imstande, sein mobiles Bauernzentrum einzusetzen
und seine Kräfte erneut zu aktivieren.} Kh8 26. c4 Rae8 $6 {In Frage kam 26...
Qd6! mit etwa gleichen Chancen. Im weiteren Verlauf der Partie beschränkt sich
Schwarz auf Verteidigungszüge und gerät bald unter die Räder.} (26... Qd6 $5
27. g3 Qxd4 28. Bh6 (28. Qxb7 Rab8 29. Qxc7 Rxb1 $11) 28... Rf7 29. Qxb7 $44)
27. Bb2 h5 $6 28. h3 Rf7 29. Rd1 (29. c5 $5 $16) 29... Rfe7 $6 ({Besser war} 
29... b6 $1) 30. Bc3 Rf7 31. c5 $16 {Nun kann Schwarz den Vormarsch des
d-Bauern nicht verhindern.} Kh7 32. Bc2 Qg5 33. Bb3 Rg7 34. Bc2 Kh6 (34... Rf7
35. d5 $16) 35. d5 Be5 36. Bxe5 $2 {Die nächsten Züge wurden
höchstwahrscheinlich in Zeitnot ausgeführt. Weiß läßt seinen Gegner fast
entwischen.} ({Deutlich besser war} 36. Bd2 $1 f4 37. Re1 $18 {mit der Drohung
Rxe5.}) 36... Rxe5 37. d6 Rxc5 $2 (37... Rd7 38. Ba4 Rd8 $16) 38. d7 Rg8 39.
Rd6+ $2 (39. d8=Q $1 Rxd8 40. Rxd8 Qxd8 41. Qe3+ $18) 39... Kh7 40. Qxb7 Rxc2
$4 {Dieser Zug läßt sich mit keiner Zeitnot erklären.} ({Nach} 40... Rd8 $1 {
sollte Schwarz nicht verlieren.}) (40... Rxc2 41. d8=Q+ $18) 1-0

[Event "Belfort Masters 6th"]
[Site "Belfort"]
[Date "2003.12.21"]
[Round "7"]
[White "Le Roux, Jean Pierre"]
[Black "Tregubov, Pavel V"]
[Result "1/2-1/2"]
[WhiteElo "2480"]
[BlackElo "2635"]
[Annotator "Dautov,R"]
[PlyCount "122"]
[EventDate "2003.12.15"]
[EventType "tourn"]
[EventRounds "10"]
[EventCountry "FRA"]
[EventCategory "15"]
[SourceTitle "CBM 099"]
[Source "ChessBase"]
[SourceDate "2004.03.30"]
[SourceVersion "1"]
[SourceVersionDate "2004.03.30"]
[SourceQuality "1"]

1. d4 d5 2. c4 e6 3. Nc3 Be7 4. Nf3 Nf6 5. Bf4 O-O 6. e3 c5 7. dxc5 Bxc5 8.
cxd5 Nxd5 9. Nxd5 exd5 10. Bd3 {Ein seltener und recht harmloser Zug. Durch
das Einsparen des Zuges 10.a3 kann Weiß kein Tempo gewinnen, denn sein
Springer wird gleich auf d2 ziehen müssen.} (10. a3 Nc6 11. Bd3) 10... Bb4+ 11.
Nd2 d4 $6 $146 {Eine Neuerung von zweifelhaftem Wert. Schlecht bei dem
schwarzen Isolani auf d5, wird die Position des weißen Springer auf d2 nach
dem Textzug durchaus sinnvoll. Einen problemlosen Ausgleich verspricht Schwarz
dagegen 11...Nc6 nebst dem Rückzug des Läufers nach e7.} (11... Nc6 12. O-O Be7
13. a3 (13. Nb3 Bf6 14. Qd2 Be6 15. Rac1 Rc8 16. Nc5 Qe7 17. Rc2 Ne5 $11 {
Lputian,S-Timoscenko,G/Irkutsk 1983}) 13... Bf6 14. Qc2 g6 15. Rac1 Be6 16. Nb3
Rc8 17. Nc5 Ne5 18. Bxe5 Bxe5 $11 {Kortschnoj,V-Kasimdzhanov,R/Bled 2002}) 12.
e4 Nc6 13. O-O f5 {Tregubov versucht, die Stellung zu öffnen. Andernfalls
behielt Weiß einen leichten Druck.} (13... Qf6 14. Bg3 Ne5 15. Bxe5 Qxe5 16. f4
$14) (13... Be6 14. a3 Bd6 15. Bxd6 Qxd6 16. f4 f6 17. Qh5 $14) 14. a3 Bxd2 $6
(14... Be7 $2 15. Qb3+ Kh8 16. exf5 Bxf5 17. Bxf5 Rxf5 18. Qxb7 $1 Na5 19. Qe4
Rxf4 20. Qxf4 Bg5 21. Qe4 Bxd2 22. Rad1 $16) ({Etwas besser war} 14... fxe4 15.
Nxe4 Rxf4 16. axb4 Bf5 17. Re1 Kh8 {mit ungefährem Ausgleich.}) 15. Qxd2 $14 {
Dank den aktiven Läufern und dem sicheren König sind die weißen Chancen höher
zu bewerten. Der isolierte Bauer ist hier eher schwach als stark.} Qf6 16. Rfe1
h6 17. exf5 {Auch mit 17.e5 könnte Weiß einen leichten Vorteil behaupten.} (17.
e5 $5 Qf7 {/\g5} 18. h4 Be6 19. Rac1 Rad8 20. b4 $14) 17... Bxf5 18. Bg3 Rfe8
19. b4 a6 20. a4 $5 {Dieses geradlinige Vorgehen mag nicht am stärksten sein,
ist jedoch unangenehm für Schwarz. Der Springer wird von seinem guten Posten
vertrieben, und der Isolani beginnt zu schwächeln.} (20. Rad1 $5) 20... Bxd3
21. Qxd3 Kh8 22. b5 (22. Qd2 Qf8 23. b5 Qb4 $11) 22... Nb4 (22... axb5 23. axb5
(23. Qxb5 $11) 23... Rxa1 $1 (23... Nb4 24. Rxa8 $1 Nxd3 (24... Rxa8 $2 25. Qd2
Nd5 26. Be5 $16) 25. Rexe8+ Kh7 26. h4 $14) 24. Rxa1 Nb4 25. Qc4 (25. Qd2 Nd5
$11) 25... d3 26. Rf1 $1 (26. Rd1 d2 27. Qxb4 $4 Qb2 $19) 26... Qe7 27. Bf4 Qe4
$11) 23. Qd2 a5 $6 {Wahrscheinlich hat Tregubov den folgenden Zug von Weiß
übersehen, sonst hätte er sicher 23...Nd5 gespielt.} (23... Nd5 $1 $11) 24. Bc7
$1 {Droht gleichzeitig Bxa5 und f4 nebst Be5.} d3 $2 {Dieser Fehler kostet
Schwarz einen Bauern.} (24... b6 25. f4 d3 26. Rxe8+ Rxe8 27. Be5 Qg6 28. Rf1
$36 {/\Rf3-g3}) 25. Bxa5 $1 $16 Nc2 26. Bc3 Qg6 27. Rxe8+ Rxe8 28. Rd1 Rd8 29.
h3 (29. a5 $5 $16) 29... Nd4 30. Bxd4 Rxd4 31. a5 (31. Qe3 $1 Rd5 32. b6 $16)
31... Rd5 32. b6 $6 (32. Qc3 $1 $16) 32... Qc6 33. Rc1 Qb5 $14 34. Rd1 $6 Qa4
35. Rc1 $6 {Weiß hat bereits vorher nicht optimal gespielt, mit dem Textzug
verdirbt er die Partie zum Remis.} Qxa5 $11 36. Qxa5 Rxa5 37. Rc8+ Kh7 38. Rd8
Ra1+ 39. Kh2 Ra3 40. Rd6 Rb3 41. f3 Kg8 42. Kg3 Kf7 43. Kf4 Ke7 44. Rd4 Rxb6
45. Rxd3 Rf6+ 46. Ke5 Re6+ 47. Kf5 Rf6+ 48. Ke5 Rg6 49. g4 Re6+ 50. Kf5 g6+ 51.
Kf4 g5+ 52. Kg3 b5 53. h4 b4 54. hxg5 hxg5 55. Rd5 Rb6 56. Rxg5 b3 57. Re5+ Kf6
58. Re1 b2 59. Rb1 Ke5 60. f4+ Ke4 61. f5 Ke5 1/2-1/2

[Event "Lippstadt 12th"]
[Site "Lippstadt"]
[Date "2004.07.31"]
[Round "8"]
[White "Schenk, Andreas"]
[Black "Jakubowski, Krzysztof"]
[Result "1/2-1/2"]
[WhiteElo "2483"]
[BlackElo "2508"]
[Annotator "Dautov,R"]
[PlyCount "59"]
[EventDate "2004.07.24"]
[EventType "tourn"]
[EventRounds "9"]
[EventCountry "GER"]
[EventCategory "10"]
[SourceTitle "CBM 103"]
[Source "ChessBase"]
[SourceDate "2004.11.11"]
[SourceVersion "1"]
[SourceVersionDate "2004.11.11"]
[SourceQuality "1"]

{[%mdl 32768]} 1. d4 d5 2. c4 e6 3. Nc3 Nf6 4. Nf3 Nbd7 5. Bf4 dxc4 6. e3 Nd5
7. Bxc4 Nxf4 8. exf4 Nb6 (8... Be7 9. Qe2 O-O 10. O-O Nb6 11. Bb3 c6 12. Rfe1
Nd5 13. g3 Bb4 14. Rac1 a5 15. Red1 Bxc3 16. bxc3 a4 17. Bc4 Qa5 18. Qb2 Rd8
19. Be2 Bd7 20. c4 Nf6 21. Ne5 $16 {Schenk,A-Rabiega,R/Jenbach 2004}) (8... Bd6
9. g3 O-O 10. O-O b6 $5 11. Qe2 {1/2-1/2 Goldin,A-Bruzon Bautista,L/Buenos
Aires 2003} Bb7 12. Rfe1 Nf6 $11) 9. Bb3 Bd6 10. g3 O-O 11. O-O Bd7 {Alle Züge
von Schwarz sehen sehr natürlich aus, dennoch ist der Ausgleich nicht leicht
zu erzielen.} 12. Qe2 (12. Qd3 g6 (12... Bc6 $1 13. Ng5 g6 $11) 13. Rad1 Bc6
14. d5 exd5 15. Nxd5 Nxd5 16. Bxd5 Bxd5 17. Qxd5 Qf6 18. b3 Rab8 19. Ng5 Rfe8
20. Rfe1 Rxe1+ 21. Rxe1 $14 {Stern,R-Stanke,J/Hoeckendorf 2004}) 12... Bc6 13.
Rad1 Nd5 $6 {Weiterhin geradlinig gespielt. In Frage kam außer dem Tausch auf
f3 auch das abwartende 13...Qe7.} (13... Bxf3 14. Qxf3 c6 15. f5 exf5 16. Qxf5
Qc8 17. Qf3 Qd7 $14 {, und Schwarz dürfte nach und nach ausgleichen.}) (13...
Qe7 14. Rfe1 Rfe8 15. Ne5 Bxe5 16. dxe5 Rad8 $14) 14. Nxd5 exd5 (14... Bxd5 $2
15. Bxd5 exd5 16. Qb5 $16) 15. Ne5 Bxe5 16. fxe5 $14 Qd7 17. Bc2 $2 {Weiß
steht deutlich angenehmer, aber mit dem Abtausch der Läufer wird er ein Stück
seines Vorteils verlieren. Vorzuziehen war 17.Rfe1+/=.} (17. Rfe1 Ba4 (17...
Rae8 18. Qf3 f6 19. exf6 Rxe1+ 20. Rxe1 Rxf6 21. Qe4 $14) 18. e6 fxe6 19. Bxa4
Qxa4 20. Qxe6+ Kh8 21. Qxd5 $16) 17... Bb5 18. Bd3 Bxd3 19. Rxd3 Rac8 20. f4
Qf5 $2 {Schwarz provoziert das Vorrücken der weißen Bauern, ein riskantes
Unterfangen. Sicherer und besser war 20...c5.} (20... c5 $1 21. f5 (21. dxc5
Rxc5 22. Rfd1 Qc6 23. Qf3 Rd8 $11) 21... cxd4 22. Rxd4 Rfe8 23. f6 Qe6 $11) 21.
g4 Qg6 22. f5 Qh6 23. f6 c5 24. fxg7 (24. e6 gxf6 (24... fxe6 $2 25. Qxe6+ Kh8
26. dxc5) 25. e7 Rfe8 26. dxc5 Rxc5 27. Rdf3 Rc7 $11) (24. g5 $1 Qg6 25. e6 (
25. fxg7 $5 Qxg7 26. h4 $14) 25... fxe6 26. Qxe6+ Qf7 27. Qg4 $14) 24... Kxg7 (
24... Qxg7 $142 $1) 25. dxc5 Rxc5 26. Qf2 Rc4 (26... b6 $142) 27. h3 Re4 $2 (
27... Qe6 28. Rf3 Rc7 29. Rf5 $14) 28. Rxd5 $2 {Erzwingt das Unentschieden.
Gut möglich war der kaltblütige Bauerngewinn 28.Qxa7.} (28. Qxa7 $1 Rxe5 29.
Qxb7 $16) 28... Qxh3 29. Qf6+ Kg8 30. Qg5+ 1/2-1/2

[Event "Lippstadt 12th"]
[Site "Lippstadt"]
[Date "2004.07.29"]
[Round "6"]
[White "Koneru, Humpy"]
[Black "Jakubowski, Krzysztof"]
[Result "0-1"]
[WhiteElo "2511"]
[BlackElo "2508"]
[Annotator "Dautov,R"]
[PlyCount "110"]
[EventDate "2004.07.24"]
[EventType "tourn"]
[EventRounds "9"]
[EventCountry "GER"]
[EventCategory "10"]
[SourceTitle "CBM 103"]
[Source "ChessBase"]
[SourceDate "2004.11.11"]
[SourceVersion "1"]
[SourceVersionDate "2004.11.11"]
[SourceQuality "1"]

{[%mdl 32768]} 1. d4 d5 2. Nf3 Nf6 3. c4 e6 4. Nc3 Nbd7 5. Qc2 {Diese Variante
ist ziemlich harmlos. Im Vergleich dazu bieten dem Anziehenden die
Fortsetzungen 5.cxd5 und 5.Bf4 bessere Aussichten.} (5. cxd5 exd5 6. Bg5) (5.
Bf4 dxc4 6. e3) 5... dxc4 6. e4 Nb6 {Eine gute Alternative zum Textzug ist 5...
c5!.} (6... c5 $1 7. dxc5 (7. d5 exd5 8. exd5 $13) 7... Bxc5 8. Bxc4 a6 9. a4
Qc7 10. O-O Ng4 (10... Bxf2+ $6 11. Qxf2 Qxc4 12. e5 $40) 11. h3 Nge5 $1 (11...
Nxf2 $6 12. Rxf2 Bxf2+ 13. Qxf2 Qxc4 14. Qg3 $44 {Kasparov,G-Seirawan,Y/
Amsterdam 1996}) 12. Nxe5 Nxe5 13. Be2 O-O $11) 7. Bxc4 Nxc4 8. Qa4+ c6 (8...
Bd7 9. Qxc4 Be7 10. O-O O-O 11. Re1 a6 12. Bf4 Rc8 13. b4 c6 14. Rab1 Nh5 15.
Bd2 $14 {Degerman,L-Sokolov,I/Stockholm 1998}) 9. Qxc4 b5 $1 $146 {[%mdl 8]
Eine starke Neuerung.} (9... Be7 10. a4 a5 11. O-O O-O 12. Re1 Bd7 13. Bg5 h6
14. Bh4 g5 15. Bg3 Nh5 16. Ne5 Be8 17. Rad1 Nxg3 18. hxg3 Qb8 19. Qe2 Kg7 20.
Ng4 $16 {Malykin,V-Kveinys,A/Riga 2004}) 10. Qd3 {Das Schlagen auf c6 bringt
Weiß nicht mehr als Ausgleich.} (10. Qxc6+ Bd7 11. Qa6 (11. Qb7 Rb8 12. Qxa7
Ra8 $11) 11... b4 12. Ne2 Nxe4 $11) 10... b4 {Auch die natürliche Entwicklung
im Stile der Meraner Variante war gut möglich.} (10... Bb7 $5 11. O-O Be7 (
11... h6 $5) 12. Bg5 O-O 13. e5 Nd7 14. Bxe7 Qxe7 15. Ne4 (15. a3 c5 $1) 15...
c5 16. Neg5 f5 17. exf6 gxf6 18. Ne4 c4 $132) 11. Ne2 Qb6 12. O-O Ba6 13. Qc2
Rc8 $6 {Dieser Zug ist überflüssig. Genauerer war das sofortige 13...c5!.} (
13... c5 $1 14. e5 (14. Bg5 cxd4 15. Nfxd4 Bc5 $15) (14. d5 exd5 15. exd5 Be7
16. Bg5 O-O 17. Rad1 Rfd8 $15) 14... Nd5 $11) 14. Bg5 Be7 (14... c5 15. d5 $1
exd5 16. exd5 Be7 (16... Nxd5 $2 17. Rfe1 Be7 $2 18. Nf4 $18) 17. Rfe1 O-O 18.
Rad1 Rfd8 19. Ng3 $16) 15. Rfc1 $6 (15. e5 $1 Nd5 16. Bxe7 Nxe7 17. Rfc1 $14)
15... h6 16. Bh4 Qb5 $1 17. Bxf6 Bxf6 18. Ng3 O-O 19. a3 b3 $2 {Zu langsam.
Mit 19...c5! konnte Schwarz die Initiative übernehmen.} (19... c5 $1 20. d5
exd5 21. Nh5 Bd4 22. exd5 Rfd8 $17) 20. Qc5 Rfd8 21. e5 $1 Qxc5 22. Rxc5 Be7
23. Ra5 Bd3 (23... Bc4 $5 24. Rc1 Bd5 25. Rxa7 Kf8 $44 {/\c5}) 24. Rxa7 Bf8 25.
Rb7 Bc2 {Weiß gewann einen Bauern, aber das schwarze Läuferpaar und die
Schwäche des Bauern d4 erschweren seine Verwertung erheblich.} 26. Nd2 $2 {
Der nach diesem Fehler entstehende schwarze Freibauer wird sehr gefährlich
sein.} (26. Nf1 c5 27. dxc5 Bxc5 28. N1d2 $16) 26... c5 $1 27. Nxb3 cxd4 28.
Nd2 Rb8 29. Rxb8 Rxb8 30. b4 Ra8 31. b5 f5 $1 {Schwarz beginnt, auf Gewinn zu
spielen.} 32. Ne2 $2 (32. Ngf1 $142 $1) 32... d3 33. Nd4 Bb4 34. N4f3 Bc3 $17
35. Ra2 g5 36. b6 Rb8 37. a4 Rxb6 38. a5 Ra6 $19 39. Nc4 Bb3 40. Ra3 Bxc4 41.
Rxc3 Rxa5 42. h4 Ba6 43. hxg5 hxg5 44. Kh2 g4 45. Nd2 Ra2 46. Nb3 Rxf2 47. Kg3
Rc2 48. Rxc2 dxc2 49. Kf4 Kf7 50. g3 Kg6 51. Ke3 Bc4 52. Nc1 Kg5 53. Kd4 f4 54.
gxf4+ Kxf4 55. Kxc4 Ke3 0-1

[Event "UKR-ch 73rd"]
[Site "Kharkov"]
[Date "2004.08.26"]
[Round "2.1"]
[White "Moiseenko, Alexander"]
[Black "Kuzmin, Gennadi P"]
[Result "1-0"]
[WhiteElo "2640"]
[BlackElo "2518"]
[Annotator "Dautov,R"]
[PlyCount "95"]
[EventDate "2004.08.03"]
[EventType "k.o."]
[EventRounds "5"]
[EventCountry "UKR"]
[SourceTitle "CBM 103"]
[Source "ChessBase"]
[SourceDate "2004.11.11"]
[SourceVersion "1"]
[SourceVersionDate "2004.11.11"]
[SourceQuality "1"]

{[%mdl 32768]} 1. d4 d5 2. c4 e6 3. Nc3 Nf6 4. Nf3 Nbd7 5. Bf4 dxc4 6. e3 Nb6
7. Bxc4 Nxc4 8. Qa4+ Bd7 9. Qxc4 Bc6 $2 {Ein krasser Eröffnungsfehler,
wahrscheinlich verwechselte G. Kuzmin die Zugreihenfolge. Nur mit 9...Bd6 kann
Schwarz um den Ausgleich kämpfen.} (9... Bd6 10. O-O O-O (10... Bc6 $6 11. Ne5
Bxe5 12. Bxe5 Nd7 13. Bg3 Nb6 14. Qc5 Nd7 15. Qa5 b6 16. Qa3 $16 {Bacrot,
E-Jussupow,A/Germany 2001}) 11. Ne5 Nh5 12. Nxd7 Qxd7 13. Be5 $1 $14 f5 $6 (
13... c6 $1) 14. Nb5 Bxe5 $2 15. dxe5 c6 16. Nd6 $16 {Ribli,Z-Jussupow,A/
Germany 2003}) 10. Ne5 $1 {Eine simple Widerlegung. Nach 10...Bxg2 wird der
schwarze Läufer gejagt und der wichtige Bauer b7 geht verloren.} Bd7 {Schweren
Herzens gespielt. Schwarz verliert dennoch einen Bauern und landet in einem
verlustträchtigen Endspiel.} (10... Bxg2 11. Rg1 Bd5 12. Qb5+ Nd7 (12... c6 13.
Qxb7 $18) 13. e4 Bc6 14. Nxc6 bxc6 15. Qxc6 $16) 11. Nxd7 Qxd7 12. Qxc7 Qxc7
13. Bxc7 Bb4 14. Ke2 Rc8 15. Be5 Bxc3 16. bxc3 Nd7 {Zäher war 15...Nd5 oder 15.
..Ne4.} (16... Rxc3 17. Rhc1 Rxc1 18. Rxc1 O-O 19. Rc7 Rb8 20. Rxf7 $18) (16...
Ne4 17. Rhc1 f6 18. Bg3 Rxc3 19. Rxc3 Nxc3+ 20. Kd3 Nd5 21. Rb1 b6 22. e4 Ne7
23. Rc1 O-O 24. Rc7 Nc8 25. d5 $16) (16... Nd5 17. Rhc1 f6 18. Bg3 b5 19. Rab1
a6 20. c4 bxc4 21. e4 Ne7 22. Rb7 $16) 17. Bg3 Ke7 (17... Rxc3 18. Rhc1 Rxc1
19. Rxc1 $18) 18. Kd3 $1 {Genau gespielt, die Blockade auf c4 wird nicht
erlaubt.} (18. Rhc1 Rc4 19. Rab1 b6 20. Rb4 $16) 18... Rhd8 19. Rhc1 Nc5+ 20.
Ke2 Ne4 21. c4 $18 {Weiß hat eine intakte Bauernstruktur und einen gesunden
Mehrbauern. Der Rest ist eine Frage der Technik.} Rc6 22. Rab1 Rd7 23. f3 Nxg3+
24. hxg3 Ra6 25. Rc2 Rc7 (25... h5 $1 26. Rb5 g6) 26. g4 $1 Ra5 27. Kd3 b6 28.
Rb5 Ra3+ 29. Rb3 Ra5 30. f4 h6 31. e4 Kd6 32. a3 Rc8 33. Ra2 $1 {Ohne Eile
verbessert Moiseenko seine Stellung.} f6 34. a4 e5 35. Rb5 $1 Rxb5 36. axb5 Rc7
37. c5+ $1 bxc5 38. fxe5+ fxe5 39. Ra6+ Kd7 40. d5 c4+ 41. Kc3 Kd8 42. Rd6+ Ke8
43. Re6+ Kd8 44. Rxe5 Rc5 45. Rf5 Rxb5 46. Kxc4 Rb1 47. Rf7 a5 48. d6 1-0